Online Catalogue and eLibrary

Athmaabhimanaya saha athma vishvasaya (Record no. 5041)

MARC details
000 -LEADER
fixed length control field 00434nam a2200157Ia 4500
005 - DATE AND TIME OF LATEST TRANSACTION
control field 20250509023526.0
008 - FIXED-LENGTH DATA ELEMENTS--GENERAL INFORMATION
fixed length control field 240331s9999 xx 000 0 und d
020 ## - INTERNATIONAL STANDARD BOOK NUMBER
ISBN 9558534269
082 ## - DDC Classification
Item Number - Author Mark GUN
Class No. 891
100 ## - MAIN ENTRY--PERSONAL NAME
Personal name Gunawardena,C
245 #0 - TITLE STATEMENT
Title Athmaabhimanaya saha athma vishvasaya
260 ## - PUBLICATION, DISTRIBUTION, ETC.
Place of publication, distribution, etc. Nugegoda
Name of publisher, distributor, etc. Chamathka Publications
Date of publication, distribution, etc. 2005
300 ## - PHYSICAL DESCRIPTION
Extent (e.g. Volumes, Pages etc.) 176 p .,
500 ## - GENERAL NOTE
General note A Book about Self Motivation and self Confidence
942 ## - Koha item type (Biblio)
Koha item type Books in Stacks (Lending)
Holdings
Lost status Damaged status Collection code Home library Current library Shelving location Date acquired Full call number Accession Number Item type
    Lending WERC Library WERC Library Social Science Cupboard 03/31/2024 159 GUN 5641 Books in Stacks (Lending)

© WERC Library